A mindenség egysége.

Elmentve itt :
Bibliográfiai részletek
Szerző: Bárány Gerő
Adatforrás:Philobibl
Forrásdokumentuma:Budapesti Szemle
1906. évf. 126. kötet, 380-393.p. p.
Dokumentumtípus: Cikk
Nyelv:magyar
LEADER 00294nab a2200097 c 4500
001 bibDOK00024708
005 20200924121903.9
008 060518s1906 hu hun
100 1 |a Bárány Gerő 
245 1 2 |a A mindenség egysége.  |c Bárány Gerő 
773 0 |t Budapesti Szemle  |g 1906. évf. 126. kötet, 380-393.p. p.